LIBRARY & INFORMATION CENTRE, KCAET, TAVANUR

ONLINE PUBLIC ACCESS CATALOGUE (OPAC)

Computer aided study of the design parameters of axial flow pump (Record no. 15324)

MARC details
000 -LEADER
fixed length control field 00461nam a22001577a 4500
082 ## - DEWEY DECIMAL CLASSIFICATION NUMBER
Classification number 631.37
Item number BIS/CO
100 ## - MAIN ENTRY--AUTHOR NAME
Personal name BISA,S
245 ## - TITLE STATEMENT
Title Computer aided study of the design parameters of axial flow pump
260 ## - PUBLICATION, DISTRIBUTION, ETC. (IMPRINT)
Place of publication Tavanur
Name of publisher Kelappaji College of Agricultural Engineering and Technology
Year of publication 1990
300 ## - PHYSICAL DESCRIPTION
Number of Pages 64
500 ## - GENERAL NOTE
General note Thesis
700 ## - ADDED ENTRY--PERSONAL NAME
Personal name Haja Shereef M
700 ## - ADDED ENTRY--PERSONAL NAME
Personal name Mini P. K
700 ## - ADDED ENTRY--PERSONAL NAME
Personal name Uttam Kumar Adhyapok
942 ## - ADDED ENTRY ELEMENTS (KOHA)
Koha item type Theses
Holdings
Withdrawn status Lost status Damaged status Home library Current library Date acquired Full call number Accession Number Koha item type
Withdrawn   Damaged KAUAET KAUAET 05/01/1990 631.37 BIS/CO 16574 Theses
free website counter